000 00687nam a2200265Ia 4500
005 20260306152958.0
008 008 260114s9999 xx 000 0 eng d
020 _a9780511720239
037 _aEBOOK
040 _aCRL
040 _beng
040 _cCRL
041 _2eng
041 _aeng
084 _qCRL
100 _aGough/Wood/Barrientos/Bevan/Davis/Room
_91124413
245 0 _aInsecurity and Welfare Regimes in Asia, Africa and Latin America
250 _a1st ed
260 _bCambridge University Press
260 _c2010
650 _aAfrican Studies
856 _uhttps://doi.org/10.1017/CBO9780511720239
942 _cEBOOK
999 _c1701718
_d1701718